000 00703nam a2200229Ia 4500
008 160418s9999 xx 000 0 und d
020 _a971-821-013-X
050 _aFIL PL 5665.25
050 _b.A97 2000 c.1
100 _aAustero, Cecilia S.
245 _aRetorika /
245 _cCecilia S. Austero, Lolita T. Bandril, Imelda P. De Castro.
260 _aValenzuela City:
260 _bMega-Jesta Prints, Inc.
260 _c2000
300 _a159 pages :
300 _billustrations ;
300 _c25 cm.
500 _aIncludes bibliographical references.
650 _aFilipino language -- Rhetoric -- Study and teaching.
650 _xFilipino language -- Composition and exercises.
999 _c293406
_d293406